00529nam a2200205 a 4500001001300000003000900013005001700022008004100039020002200080082001700102100001900119245003800138260003900176300000900215500003500224505001700259650001300276650001500289700001900304nice12345678IN_TiNIC20260116013228.0050524s1997 dela grp 000 0 eng  a8120822 c9500a294.361bPIB aPiburn, Sidney aDalai Lamab a Policy of Kindness aDelhi bMotilal Banarsidass c1997 a136p aincludes index and biblioraphy2 aBibliography aBuddhism aDalai Lama1 aPiburn, Sidney